[Event "Schachfestival Senioren"]
[Site "Bad Woerishofen"]
[Date "2023.03.06"]
[Round "4.4"]
[White "Baum, Bernd"]
[Black "Remensberger, Hansuli"]
[Result "1-0"]
[WhiteElo "2272"]
[BlackElo "2103"]
[PlyCount "65"]
[EventDate "2023.??.??"]
[WhiteTeam "SK Marburg 1931/72"]
[BlackTeam "Chessflyers"]

1. c4 b6 2. Nf3 Bb7 3. g3 e5 4. Bg2 Nc6 5. Nxe5 Qf6 6. Nxc6 Bxc6 7. e4 Qd4 8. Qe2 O-O-O 9. Nc3 Nf6 10. d3 Bb4 11. Bd2 Rde8 12. O-O-O Qc5 13. Kb1 Kb8 14. Rc1 Qe7 15. Rhe1 Bc5 16. Be3 d6 17. f3 Nd7 18. d4 Bb4 19. Qc2 Qd8 20. Re2 Bxc3 21. Qxc3 Bb7 22. Rd2 Qe7 23. Bf2 Rd8 24. Rcd1 Rhe8 25. Re1 Qg5 26. h4 Qg6 27. Bh3 Nf6 28. Bf5 Qh6 29. Be3 Qh5 30. Bg5 h6 31. g4 Bxe4+ 32. Rxe4 Rxe4 33. fxe4 1-0

[Event "Schachfestival Senioren"]
[Site "Bad Woerishofen"]
[Date "2023.03.06"]
[Round "4.5"]
[White "Kierzek, Mira"]
[Black "Schumacher, Gottfried"]
[Result "0-1"]
[WhiteElo "1989"]
[BlackElo "2148"]
[PlyCount "110"]
[EventDate "2023.??.??"]
[WhiteTeam "SC Fulda"]

1. d4 e6 2. Nf3 c5 3. e3 Nc6 4. Bd3 cxd4 5. exd4 Nf6 6. O-O b6 7. c4 Bb7 8. Nc3 Rc8 9. a3 d5 10. cxd5 Nxd5 11. Bd2 Be7 12. Rc1 O-O 13. Ne4 Nf6 14. Bc3 Qd5 15. Re1 Rfd8 16. Nxf6+ Bxf6 17. Be4 Qd7 18. Qd3 h6 19. Rcd1 Ne7 20. h3 Bd5 21. Ne5 Qa4 22. Ng4 Bg5 23. Ne5 Bxe4 24. Qxe4 Nd5 25. Bd2 Qc2 26. Bxg5 Qxe4 27. Rxe4 hxg5 28. Nf3 Rc2 29. Nxg5 Rxb2 30. Rd3 Rc8 31. Rf3 Rc7 32. Re1 Rd2 33. Re4 Nc3 34. Rh4 Ne2+ 35. Kh2 Nxd4 36. Rff4 e5 37. Re4 f6 38. Nf3 Nxf3+ 39. gxf3 Rxf2+ 40. Kg3 Rcc2 41. f4 exf4+ 42. Rhxf4 Rxf4 43. Kxf4 Rc3 44. Ra4 a5 45. h4 g6 46. Ke4 Kf7 47. Kd4 Rc5 48. Ke4 Rh5 49. Kf3 Ke6 50. Kg3 Rd5 51. Kf4 Rd3 52. Kg4 Ke5 53. h5 f5+ 54. Kg5 gxh5 55. Kxh5 Rd4 0-1

[Event "Schachfestival Senioren"]
[Site "Bad Woerishofen"]
[Date "2023.03.06"]
[Round "4.6"]
[White "Walther, Reinhard"]
[Black "Schatz, Christian"]
[Result "0-1"]
[WhiteElo "1987"]
[BlackElo "2127"]
[PlyCount "98"]
[EventDate "2023.??.??"]
[WhiteTeam "SK 1911 Herzogenaurach e.V."]
[BlackTeam "SC Postbauer-Heng e.V"]

1. d4 d5 2. Bf4 Nf6 3. e3 Bf5 4. Nd2 e6 5. h3 Bd6 6. Ne2 Nc6 7. g4 Bg6 8. Bxd6 Qxd6 9. Nf4 e5 10. Nxg6 fxg6 11. dxe5 Qxe5 12. c3 O-O-O 13. Nf3 Qe7 14. Bb5 Ne5 15. Nxe5 Qxe5 16. Qd4 Qxd4 17. cxd4 g5 18. Bd3 h5 19. gxh5 Rxh5 20. Ke2 Rdh8 21. Rhg1 Kd8 22. Bf5 Ne8 23. Rg2 R8h6 24. Rag1 Ra6 25. a3 Rb6 26. b4 Ra6 27. Ra1 Nd6 28. Bd3 b5 29. h4 gxh4 30. Rxg7 h3 31. Rgg1 h2 32. Rh1 Nc4 33. Bxc4 bxc4 34. a4 Rb6 35. Rab1 a5 36. b5 c6 37. f4 cxb5 38. axb5 a4 39. Kf3 a3 40. Kg2 a2 41. Ra1 Rxb5 42. Rxa2 c3 43. Kg3 Rb2 44. Ra3 c2 45. Rc3 Rb1 46. Kg2 Rh7 47. Rxc2 Rg7+ 48. Kf3 Rxh1 49. Rxh2 Rxh2 0-1

[Event "Schachfestival Senioren"]
[Site "Bad Woerishofen"]
[Date "2023.03.06"]
[Round "4.8"]
[White "Wagner, Franz"]
[Black "Luciani, Carlo"]
[Result "0-1"]
[WhiteElo "1954"]
[BlackElo "2194"]
[PlyCount "44"]
[EventDate "2023.??.??"]

1. e4 e5 2. Nf3 Nc6 3. Bc4 Bc5 4. c3 Nf6 5. d3 a6 6. Bg5 h6 7. Bh4 Ba7 8. O-O d6 9. h3 g5 10. Bg3 Rg8 11. Nh2 h5 12. h4 Ng4 13. Qf3 Rg7 14. hxg5 Qxg5 15. d4 h4 16. Nd2 hxg3 17. fxg3 Nxh2 18. Bxf7+ Ke7 19. Kxh2 Bg4 20. Qf2 Qh6+ 21. Kg1 Rh8 22. Bh5 Bxh5 0-1

[Event "Schachfestival Senioren"]
[Site "Bad Woerishofen"]
[Date "2023.03.06"]
[Round "4.9"]
[White "Krueger, Erich"]
[Black "Harsch, Martin"]
[Result "1-0"]
[WhiteElo "2176"]
[BlackElo "1888"]
[PlyCount "41"]
[EventDate "2023.??.??"]

1. d4 d5 2. c4 c6 3. Nf3 Nf6 4. Nc3 a6 5. cxd5 cxd5 6. Bf4 Nc6 7. Qb3 Na5 8. Qa4+ Bd7 9. Qc2 e6 10. e3 Rc8 11. Bd3 b5 12. a3 Be7 13. O-O O-O 14. Rfe1 Nc4 15. Qe2 Qb6 16. Ne5 Rfd8 17. Bg5 Be8 18. Ng4 Nxg4 19. Bxe7 Rd7 20. Bc5 Rxc5 21. dxc5 1-0

[Event "Schachfestival Senioren"]
[Site "Bad Woerishofen"]
[Date "2023.03.06"]
[Round "4.10"]
[White "Naeckel, Gerhard"]
[Black "Scharrer, Udo"]
[Result "0-1"]
[WhiteElo "2146"]
[BlackElo "1942"]
[PlyCount "84"]
[EventDate "2023.??.??"]
[WhiteTeam "SV Steinitz Puettlingen"]
[BlackTeam "SV Dicker Turm Esslingen"]

1. e4 c5 2. c3 Nf6 3. e5 Nd5 4. Nf3 Nc6 5. d4 cxd4 6. cxd4 d6 7. Bc4 Nb6 8. Bb3 dxe5 9. dxe5 Qxd1+ 10. Bxd1 Bg4 11. O-O e6 12. Nc3 Be7 13. Bf4 Rd8 14. Ne4 O-O 15. Be2 Bxf3 16. Bxf3 Nc4 17. Nc3 N4xe5 18. Bxe5 Nxe5 19. Bxb7 Rb8 20. Ba6 Rxb2 21. Rab1 Rfb8 22. Rxb2 Rxb2 23. Rb1 Rxb1+ 24. Nxb1 Bb4 25. Kf1 Kf8 26. Ke2 Ke7 27. f4 Ng4 28. h3 Nf6 29. Bd3 Kd6 30. g4 h6 31. Kf3 Kd5 32. g5 hxg5 33. fxg5 Ne8 34. h4 g6 35. h5 gxh5 36. Bh7 e5 37. Bg8 Kd4 38. Bxf7 e4+ 39. Ke2 Ng7 40. Bb3 h4 41. Bc2 h3 42. Kf2 e3+ 0-1

[Event "Schachfestival Senioren"]
[Site "Bad Woerishofen"]
[Date "2023.03.06"]
[Round "4.11"]
[White "Braeu, Wolfgang"]
[Black "Daeubler, Heinrich"]
[Result "0-1"]
[WhiteElo "1921"]
[BlackElo "2145"]
[PlyCount "160"]
[EventDate "2023.??.??"]
[WhiteTeam "ASV Martinszell Abteilung Schach"]
[BlackTeam "SF Haselmuehl/Amberg"]

1. d4 g6 2. c4 Bg7 3. f3 c5 4. d5 d6 5. e4 e5 6. Nc3 f5 7. Bd3 f4 8. g3 g5 9. h4 h6 10. g4 gxh4 11. Nh3 Bf6 12. Bd2 Bg5 13. Nf2 Nf6 14. Rg1 Nbd7 15. Nb5 Ke7 16. a4 a5 17. Bc3 Nf8 18. Qe2 Ng6 19. Nh3 Bd7 20. Kd1 Bxb5 21. axb5 b6 22. Kc2 Qd7 23. Qg2 Nh7 24. Be2 Bf6 25. Qh2 Ng5 26. Nxg5 Bxg5 27. Be1 Qe8 28. Bf1 Kd7 29. Bh3 Kc7 30. Bc3 Nf8 31. Qf2 Kb7 32. b3 Nd7 33. Kb2 Nf6 34. Qe2 Qe7 35. Be1 Nh7 36. Kc2 Bf6 37. Bf2 Rhg8 38. Rh1 Rg6 39. Rh2 Rgg8 40. Be1 Rg7 41. Bf2 h5 42. gxh5 Rg3 43. Bg4 Bg5 44. Bf5 Nf6 45. Bg6 Rh8 46. Ra2 Nxh5 47. Be1 Ng7 48. Qd1 h3 49. Qa1 Rg2+ 50. Kd3 Rxh2 51. Rxh2 Qf6 52. Bh7 Rxh7 53. Bxa5 Qd8 54. b4 bxa5 55. bxa5 Ka8 56. b6 Qd7 57. a6 Rh8 58. Qa5 Rb8 59. Rb2 Bd8 60. b7+ Ka7 61. Qa2 Ne8 62. Rh2 Bb6 63. Rh1 Nc7 64. Rb1 Nxa6 65. Ra1 Qxb7 66. Qh2 Rh8 67. Ke2 Kb8 68. Kf1 Nb4 69. Kg1 Rg8+ 70. Kh1 Qg7 71. Rb1 Qg2+ 72. Qxg2 hxg2+ 73. Kg1 Kc7 74. Rb2 Rg3 75. Rb3 Nc2 76. Rb1 Nd4 77. Kf2 g1=Q+ 78. Rxg1 Rxg1 79. Kxg1 Nxf3+ 80. Kf2 Nd2 0-1

[Event "Schachfestival Senioren"]
[Site "Bad Woerishofen"]
[Date "2023.03.06"]
[Round "4.12"]
[White "McAndrew, Robert"]
[Black "Larem, Ewald"]
[Result "1-0"]
[WhiteElo "1874"]
[BlackElo "2070"]
[PlyCount "71"]
[EventDate "2023.??.??"]
[WhiteTeam "Gambit Bonnevoie"]
[BlackTeam "SC Rotenburg"]

1. c4 c5 2. g3 g6 3. Bg2 Bg7 4. Nf3 Nc6 5. d3 e6 6. Nc3 Nge7 7. O-O O-O 8. Rb1 d6 9. a3 h6 10. Bd2 d5 11. b4 cxb4 12. axb4 b6 13. Qc1 Kh7 14. e3 a5 15. Na2 Bb7 16. b5 Nb8 17. d4 dxc4 18. Qxc4 Nd7 19. Rfc1 Be4 20. Ng5+ hxg5 21. Bxe4 Rc8 22. Qe2 Nf6 23. Bg2 Qd6 24. Nc3 Rc7 25. Na4 Rfc8 26. Rxc7 Rxc7 27. Rc1 Rxc1+ 28. Bxc1 Qc7 29. Ba3 Ned5 30. h3 Ne8 31. Bxd5 exd5 32. Qa2 Nf6 33. Qb3 Ne4 34. Qxd5 Qc2 35. Qxf7 Qxa4 36. Bf8 1-0

[Event "Schachfestival Senioren"]
[Site "Bad Woerishofen"]
[Date "2023.03.06"]
[Round "4.13"]
[White "Neese, Hans-Joachim"]
[Black "Green, Per"]
[Result "1/2-1/2"]
[WhiteElo "2058"]
[BlackElo "1876"]
[PlyCount "140"]
[EventDate "2023.??.??"]
[WhiteTeam "SV Hennef 1927 e. V."]
[BlackTeam "Argryte SK"]

1. d4 Nf6 2. Nf3 d5 3. Bf4 c5 4. c3 Qb6 5. Qc2 g6 6. Nbd2 Bf5 7. dxc5 Qxc5 8. Qb3 b6 9. e3 Bg7 10. Nd4 Bd7 11. Be2 Nc6 12. O-O O-O 13. Qd1 e5 14. N4b3 Qe7 15. Bg3 Rad8 16. h3 Rfe8 17. Re1 Bf5 18. Bb5 Qb7 19. Qe2 Bc8 20. Rad1 a6 21. Bd3 d4 22. cxd4 exd4 23. Qf3 dxe3 24. Rxe3 Rxe3 25. Qxe3 Nd5 26. Qe2 Bxb2 27. Ne4 Bg7 28. Nd6 Qd7 29. Re1 Nf6 30. Bc4 Rf8 31. Nxc8 Qxc8 32. Bxa6 Qa8 33. Qc4 Rd8 34. Bc7 Rf8 35. Bxb6 Nd7 36. Be3 Nde5 37. Qe2 Nb4 38. Nc5 Nxa6 39. Nxa6 Rd8 40. Nc5 Qa3 41. Nb3 Ra8 42. Rc1 h6 43. Rc2 Rd8 44. f4 Nd7 45. Bc1 Qa8 46. Kh2 Qb8 47. Na5 Re8 48. Qf2 Nf6 49. Nc6 Qd6 50. Qc5 Qe6 51. Nd4 Qd7 52. Nf3 Nh5 53. Qc6 Qe7 54. g4 Nf6 55. Ne5 g5 56. Qf3 Nh7 57. Nc6 Qd6 58. Kg2 Bf6 59. f5 Kg7 60. Ba3 Qc7 61. Nb4 Qe5 62. Bb2 Qe1 63. Nd3 Qa5 64. Bxf6+ Nxf6 65. Re2 Rxe2+ 66. Qxe2 Qc3 67. Nf2 Nd5 68. Qd3 Qa1 69. Kh2 Qxa2 70. Qd4+ Nf6 1/2-1/2

[Event "Schachfestival Senioren"]
[Site "Bad Woerishofen"]
[Date "2023.03.06"]
[Round "4.14"]
[White "Keller, Harald"]
[Black "Wild, Helmut"]
[Result "1/2-1/2"]
[WhiteElo "2051"]
[BlackElo "1855"]
[PlyCount "40"]
[EventDate "2023.??.??"]
[WhiteTeam "SV Rottweil"]
[BlackTeam "SK Gau-Algesheim"]

1. e4 c6 2. d4 d5 3. e5 Bf5 4. Nd2 e6 5. Nb3 Qc7 6. Nf3 Nd7 7. Bd3 Ne7 8. O-O c5 9. dxc5 Bg4 10. Bb5 Nc6 11. Be3 Ndxe5 12. Be2 Bxf3 13. Bxf3 Nc4 14. Re1 Nxb2 15. Qc1 Nc4 16. Bxd5 Nxe3 17. Qxe3 Be7 18. Be4 O-O 19. Qh3 g6 20. Rad1 Rfd8 1/2-1/2

[Event "Schachfestival Senioren"]
[Site "Bad Woerishofen"]
[Date "2023.03.06"]
[Round "4.15"]
[White "Christen, Pierre"]
[Black "Neumann, Joachim"]
[Result "0-1"]
[WhiteElo "1855"]
[BlackElo "2026"]
[PlyCount "62"]
[EventDate "2023.??.??"]
[WhiteTeam "SG Trier 1877 e.V."]
[BlackTeam "Agon Neumuenster"]

1. c4 Nf6 2. g3 e6 3. Bg2 d5 4. Nf3 d4 5. e3 c5 6. exd4 cxd4 7. O-O Nc6 8. d3 h6 9. Re1 Bd6 10. Nbd2 O-O 11. Ne4 Nxe4 12. Rxe4 e5 13. Re1 Qc7 14. Bd2 Bf5 15. Nh4 Bh7 16. Qe2 Rae8 17. f4 Qd7 18. f5 Be7 19. Qg4 Bxh4 20. gxh4 Qxf5 21. Qxf5 Bxf5 22. Bf1 a5 23. b3 Re6 24. a3 e4 25. dxe4 Bxe4 26. b4 axb4 27. axb4 Ne5 28. Kf2 Rf6+ 29. Kg3 Rf3+ 30. Kg2 f5 31. Be2 Rd3+ 0-1

[Event "Schachfestival Senioren"]
[Site "Bad Woerishofen"]
[Date "2023.03.06"]
[Round "4.16"]
[White "Mueller, Erich"]
[Black "Haugg, Gerhard"]
[Result "1-0"]
[WhiteElo "2024"]
[BlackElo "1744"]
[PlyCount "35"]
[EventDate "2023.??.??"]

1. f4 f5 2. Nf3 Nf6 3. g3 e6 4. Bg2 d5 5. e3 Bd6 6. b3 b6 7. Bb2 Bb7 8. O-O O-O 9. d3 Bc5 10. Re1 Nc6 11. Nbd2 a5 12. a4 Nb4 13. Nd4 Qd7 14. N2f3 Nc6 15. Qe2 Rfe8 16. Nxc6 Qxc6 17. Ne5 Qd6 18. d4 1-0

[Event "Schachfestival Senioren"]
[Site "Bad Woerishofen"]
[Date "2023.03.06"]
[Round "4.17"]
[White "Kievelitz, Bernd"]
[Black "Steinberg, Sven"]
[Result "1-0"]
[WhiteElo "1854"]
[BlackElo "2011"]
[PlyCount "55"]
[EventDate "2023.??.??"]

1. Nf3 c5 2. c4 Nc6 3. b3 e5 4. d3 g6 5. Bb2 Bg7 6. e3 Nge7 7. a3 d5 8. cxd5 Nxd5 9. Qc2 Qd6 10. Nbd2 f5 11. Rc1 O-O 12. Qxc5 Qxc5 13. Rxc5 Be6 14. Ng5 Nc7 15. Nxe6 Nxe6 16. Rc1 Rfd8 17. Be2 Rac8 18. O-O Kf7 19. b4 a6 20. Nb3 h6 21. Rfd1 Rc7 22. Nc5 Nxc5 23. Rxc5 Rcd7 24. g3 g5 25. Rdc1 Rd5 26. Rxd5 Rxd5 27. d4 Ke7 28. Bxa6 1-0

[Event "Schachfestival Senioren"]
[Site "Bad Woerishofen"]
[Date "2023.03.06"]
[Round "4.18"]
[White "Wulf, Juergen"]
[Black "Nordby, Bernt"]
[Result "1/2-1/2"]
[WhiteElo "1841"]
[BlackElo "2001"]
[PlyCount "26"]
[EventDate "2023.??.??"]
[WhiteTeam "Markdorf"]
[BlackTeam "Fredrikstad Schakselskap"]

1. d4 Nf6 2. Nf3 g6 3. b3 Bg7 4. Bb2 O-O 5. e3 d6 6. Be2 Nbd7 7. Nbd2 e5 8. dxe5 Ng4 9. O-O Ngxe5 10. Rb1 d5 11. c4 dxc4 12. Nxc4 Nxc4 13. Bxc4 Nb6 1/2-1/2

[Event "Schachfestival Senioren"]
[Site "Bad Woerishofen"]
[Date "2023.03.06"]
[Round "4.19"]
[White "Heppell, Ian N"]
[Black "Wagner, Werner"]
[Result "0-1"]
[WhiteElo "1965"]
[BlackElo "1740"]
[PlyCount "60"]
[EventDate "2023.??.??"]
[WhiteTeam "Wimbledon"]
[BlackTeam "SC GEMA St.Ingbert"]

1. e4 e6 2. d4 d5 3. Nc3 Bb4 4. Bd3 c5 5. exd5 exd5 6. dxc5 Bxc3+ 7. bxc3 Qc7 8. Ne2 Ne7 9. O-O O-O 10. Be3 Nd7 11. Bf4 Qxc5 12. Re1 Nf6 13. Nd4 Ng6 14. Bg5 Ne4 15. Bxe4 dxe4 16. Rxe4 Qxg5 17. Rb1 Nf4 18. Qf3 Ng6 19. g3 Ne5 20. Qe2 Nc6 21. Nf3 Qa5 22. Rb5 Qxc3 23. Rh5 g6 24. Rd5 Qa1+ 25. Rd1 Qf6 26. Rf4 Qc3 27. Ng5 Qe5 28. Ne4 f5 29. Rd6 fxe4 30. Qc4+ Kg7 0-1

[Event "Schachfestival Senioren"]
[Site "Bad Woerishofen"]
[Date "2023.03.06"]
[Round "4.20"]
[White "Di Lazzaro, Gabriele"]
[Black "Fiedler, Wolfgang"]
[Result "1/2-1/2"]
[WhiteElo "1810"]
[BlackElo "1990"]
[PlyCount "51"]
[EventDate "2023.??.??"]
[BlackTeam "SC Schwarz-Weiss Nuernberg Sued e.V."]

1. d4 g6 2. e4 Bg7 3. Nc3 d6 4. Be3 Nc6 5. Qd2 e5 6. d5 Nce7 7. Bd3 h6 8. Nge2 f5 9. f4 exf4 10. Nxf4 Nf6 11. exf5 gxf5 12. Bd4 O-O 13. O-O c5 14. dxc6 bxc6 15. Nce2 c5 16. Bxf6 Bxf6 17. Bc4+ Kh7 18. c3 Be5 19. Rf3 Rf6 20. Nd5 Nxd5 21. Bxd5 Rb8 22. Raf1 Qb6 23. b3 c4+ 24. Kh1 cxb3 25. axb3 Bd7 26. Ng3 1/2-1/2

[Event "Schachfestival Senioren"]
[Site "Bad Woerishofen"]
[Date "2023.03.06"]
[Round "4.21"]
[White "Zwetz, Anita"]
[Black "Halli, Gerhard"]
[Result "1-0"]
[WhiteElo "1827"]
[BlackElo "1957"]
[PlyCount "87"]
[EventDate "2023.??.??"]
[WhiteTeam "TSV Kareth-Lappersdorf"]
[BlackTeam "SK 1947 Sandhausen e.V."]

1. d4 Nf6 2. Nf3 d5 3. Bg5 c6 4. Nbd2 Bf5 5. e3 Nbd7 6. Be2 Qb6 7. Qc1 e6 8. O-O h6 9. Bh4 Be7 10. c4 O-O 11. c5 Qd8 12. b4 a6 13. a4 Ne4 14. Bxe7 Qxe7 15. Ra3 e5 16. dxe5 Nxe5 17. Nxe5 Qxe5 18. Nf3 Qe7 19. Nd4 Bd7 20. f3 Ng5 21. Re1 g6 22. Bd3 f5 23. Bb1 Qf6 24. Qd2 Rae8 25. Ba2 Kh7 26. Bb1 Ne6 27. Ne2 Rf7 28. Ng3 Rfe7 29. Qf2 Nd8 30. Re2 Qg5 31. e4 Qc1+ 32. Qe1 Qxa3 33. exf5 Rxe2 34. fxg6+ Kg8 35. Nxe2 Qe3+ 36. Kf1 Qxe2+ 37. Qxe2 Rxe2 38. Kxe2 h5 39. f4 Kg7 40. f5 Kf6 41. Kf3 Nf7 42. gxf7 Kxf7 43. Bd3 Kf6 44. Kf4 1-0

[Event "Schachfestival Senioren"]
[Site "Bad Woerishofen"]
[Date "2023.03.06"]
[Round "4.22"]
[White "Schwalb, Manfred"]
[Black "Mitschka, Manfred"]
[Result "1/2-1/2"]
[WhiteElo "1955"]
[BlackElo "1686"]
[PlyCount "80"]
[EventDate "2023.??.??"]
[WhiteTeam "SV Calw"]
[BlackTeam "SK Neuburg"]

1. e4 e6 2. d3 c5 3. g3 Nc6 4. Bg2 g6 5. f4 d6 6. Nf3 Bg7 7. O-O Qc7 8. Nbd2 Nge7 9. Re1 O-O 10. Nc4 b5 11. Ne3 Bb7 12. Rb1 a5 13. Bd2 Rac8 14. Qe2 b4 15. Rec1 Ba6 16. c3 Qa7 17. c4 Rb8 18. h4 h5 19. Kh2 Qd7 20. Bh3 Nd4 21. Qg2 Nxf3+ 22. Qxf3 f5 23. Re1 Bb7 24. Bg2 Nc6 25. Qd1 Ne7 26. Qe2 e5 27. Nd5 Nxd5 28. cxd5 Bc8 29. Bh3 Qf7 30. Rf1 Bd7 31. Rbe1 Rbe8 32. fxe5 Bxe5 33. Bh6 Bg7 34. Bf4 Qf6 35. Rf2 Bc8 36. Qd2 fxe4 37. Bxc8 Rxc8 38. dxe4 Bh6 39. Ref1 Bxf4 40. Rxf4 Qg7 1/2-1/2

[Event "Schachfestival Senioren"]
[Site "Bad Woerishofen"]
[Date "2023.03.06"]
[Round "4.23"]
[White "Eschle, Hubert"]
[Black "Babar, Michael"]
[Result "0-1"]
[WhiteElo "1776"]
[BlackElo "2143"]
[PlyCount "52"]
[EventDate "2023.??.??"]
[WhiteTeam "SC Villingen-Schwenningen"]
[BlackTeam "SC Hansa Dortmund e. V."]

1. e4 c6 2. d4 g6 3. Nc3 Bg7 4. Be3 d5 5. e5 b6 6. Nf3 Ba6 7. Bxa6 Nxa6 8. O-O Nc7 9. Qd2 Qd7 10. Ne1 h5 11. f4 Nh6 12. Kh1 Nf5 13. Bg1 h4 14. Be3 O-O-O 15. Rf3 Ne6 16. Ne2 f6 17. Bf2 Kb8 18. a4 g5 19. b4 g4 20. Rfa3 g3 21. Bg1 gxh2 22. Bxh2 fxe5 23. fxe5 Bh6 24. Qd3 Ng3+ 25. Kg1 Rdf8 26. b5 Rf1# 0-1

[Event "Schachfestival Senioren"]
[Site "Bad Woerishofen"]
[Date "2023.03.06"]
[Round "4.24"]
[White "Rueberg, Jobst"]
[Black "Hager, Eberhard"]
[Result "1/2-1/2"]
[WhiteElo "2090"]
[BlackElo "1778"]
[PlyCount "70"]
[EventDate "2023.??.??"]
[WhiteTeam "SV Ahlen 1954 e. V."]
[BlackTeam "SK Friedberg im Gehoerl. Sportverein"]

1. e4 d6 2. d3 e5 3. g3 Nf6 4. Bg2 Be7 5. Ne2 O-O 6. O-O c6 7. c3 d5 8. Qc2 dxe4 9. dxe4 Qc7 10. Nd2 Bg4 11. Nc4 Be6 12. Ne3 g6 13. Bd2 Ng4 14. Nxg4 Bxg4 15. Bh6 Re8 16. Rae1 Bf8 17. Bxf8 Rxf8 18. h3 Bxe2 19. Rxe2 Nd7 20. Rd2 Nf6 21. Rfd1 Rad8 22. Bf3 h5 23. Kg2 Kg7 24. Rd3 Rfe8 25. c4 Rxd3 26. Qxd3 Re7 27. Qc3 Rd7 28. Rxd7 Nxd7 29. c5 Nf8 30. Bd1 f6 31. Bb3 Qe7 32. Qc4 Kh6 33. h4 Nd7 34. Qg8 Qg7 35. Qc4 Qe7 1/2-1/2

[Event "Schachfestival Senioren"]
[Site "Bad Woerishofen"]
[Date "2023.03.06"]
[Round "4.25"]
[White "Witte, Ronald"]
[Black "Sakowski, Christian"]
[Result "1-0"]
[WhiteElo "2009"]
[BlackElo "1761"]
[PlyCount "123"]
[EventDate "2023.??.??"]
[WhiteTeam "BSV 63 Chemie Weissensee"]
[BlackTeam "SC Muelheim 08/25 e.V."]

1. d4 Nf6 2. c4 e6 3. Nf3 b6 4. g3 Bb7 5. Bg2 Be7 6. O-O O-O 7. Nc3 d6 8. Qc2 Nbd7 9. e4 e5 10. d5 a5 11. b3 Nc5 12. Be3 Nfd7 13. Nd2 Na6 14. a3 Bg5 15. f4 Bh6 16. Rae1 Qe7 17. f5 Bxe3+ 18. Rxe3 Nf6 19. Qd1 g6 20. g4 g5 21. h4 h6 22. hxg5 hxg5 23. Rh3 Kg7 24. Kf2 Rh8 25. Rfh1 Rxh3 26. Rxh3 Rh8 27. Rxh8 Kxh8 28. Bf3 Kg7 29. Qh1 Qf8 30. Ke3 Qh8 31. Qxh8+ Kxh8 32. Na2 Kg7 33. b4 axb4 34. axb4 Nd7 35. Kd3 Bc8 36. Kc3 Ndb8 37. Kb3 Bd7 38. Be2 f6 39. Ka3 Kf8 40. Nc3 Ke7 41. Bd1 Kd8 42. Ba4 Bxa4 43. Nxa4 Nd7 44. Nc3 Kc8 45. Nb5 Kb7 46. Nf1 Kb8 47. Ng3 Kb7 48. Nh5 Kb8 49. Ng7 Kb7 50. Ne8 Kb8 51. Nc3 Kc8 52. Ka4 Kd8 53. Ng7 Kc8 54. Kb5 Nab8 55. Ne6 Kb7 56. Nd8+ Kc8 57. Nc6 Kb7 58. Ne2 Kc8 59. Ng3 Kb7 60. Nh5 Kc8 61. Ne7+ Kd8 62. Ng8 1-0

[Event "Schachfestival Senioren"]
[Site "Bad Woerishofen"]
[Date "2023.03.06"]
[Round "4.26"]
[White "Stern, Geoffrey"]
[Black "Kumeth, Hartmut"]
[Result "1-0"]
[WhiteElo "1980"]
[BlackElo "1724"]
[PlyCount "39"]
[EventDate "2023.??.??"]

1. d4 Nf6 2. Nc3 d5 3. Bf4 c6 4. e3 Bf5 5. f3 h6 6. g4 Bh7 7. Bd3 Bxd3 8. Qxd3 e6 9. Nge2 Bd6 10. O-O-O b5 11. Bxd6 Qxd6 12. e4 dxe4 13. fxe4 Qd7 14. Rhg1 a5 15. g5 hxg5 16. Rxg5 g6 17. Rf1 Nh5 18. e5 Rg8 19. Ne4 Rg7 20. Rxh5 1-0

[Event "Schachfestival Senioren"]
[Site "Bad Woerishofen"]
[Date "2023.03.06"]
[Round "4.27"]
[White "Speicher, Franz"]
[Black "Waltenberger, Udo"]
[Result "1-0"]
[WhiteElo "1790"]
[BlackElo "1978"]
[PlyCount "87"]
[EventDate "2023.??.??"]
[WhiteTeam "Dicker Turm Esslingen"]
[BlackTeam "SV Eiche Reichenbrand"]

1. d4 Nf6 2. Nf3 g6 3. Bg5 Bg7 4. Nbd2 d5 5. e3 Nbd7 6. Bd3 O-O 7. O-O Re8 8. c3 e5 9. e4 exd4 10. cxd4 dxe4 11. Nxe4 h6 12. Bh4 Rxe4 13. Bxe4 g5 14. Bc2 gxh4 15. Nxh4 Nf8 16. Nf5 Bxf5 17. Bxf5 Qd5 18. Qc2 c6 19. Qc5 Rd8 20. Rfd1 b6 21. Qxd5 Rxd5 22. Bc8 N6d7 23. Bb7 Nb8 24. Rac1 Bxd4 25. Kf1 Rd6 26. b4 c5 27. bxc5 bxc5 28. Rd3 Nfd7 29. Re1 Kf8 30. f4 Nb6 31. Ra3 Nc4 32. Rxa7 Ne3+ 33. Ke2 Nxg2 34. Bxg2 Nd7 35. Bh3 Nf6 36. Kf3 Nd5 37. Rd7 Rxd7 38. Bxd7 Nb6 39. Re8+ Kg7 40. Bb5 c4 41. Ke2 f5 42. Rd8 Bf6 43. Rd6 Nc8 44. Rd7+ 1-0

[Event "Schachfestival Senioren"]
[Site "Bad Woerishofen"]
[Date "2023.03.06"]
[Round "4.28"]
[White "Kundt, Guenther"]
[Black "Schinnerl, Werner"]
[Result "1/2-1/2"]
[WhiteElo "1776"]
[BlackElo "1944"]
[PlyCount "21"]
[EventDate "2023.??.??"]
[WhiteTeam "SSC Graal-MÃ¼ritz"]
[BlackTeam "SC Reutte"]

1. d4 e6 2. c4 f5 3. g3 Nf6 4. Bg2 Bb4+ 5. Bd2 Qe7 6. Nc3 O-O 7. a3 Bxc3 8. Bxc3 Ne4 9. Qc2 d5 10. Bxe4 fxe4 11. Bb4 1/2-1/2

[Event "Schachfestival Senioren"]
[Site "Bad Woerishofen"]
[Date "2023.03.06"]
[Round "4.29"]
[White "Schestak, Herbert"]
[Black "Cordara, Michele"]
[Result "0-1"]
[WhiteElo "1729"]
[BlackElo "1917"]
[PlyCount "38"]
[EventDate "2023.??.??"]

1. d4 c5 2. dxc5 Na6 3. Bf4 Nxc5 4. Nf3 Nf6 5. Nbd2 d6 6. e3 g6 7. Be2 Bg7 8. c3 O-O 9. h3 b5 10. Rc1 Qb6 11. O-O Bd7 12. c4 Rfc8 13. cxb5 Bxb5 14. Bxb5 Qxb5 15. b3 Qa6 16. Nc4 Qxa2 17. Nfd2 Nfe4 18. Nxe4 Nxe4 19. Qd5 Nc3 0-1

[Event "Schachfestival Senioren"]
[Site "Bad Woerishofen"]
[Date "2023.03.06"]
[Round "4.30"]
[White "Gerl, Hans"]
[Black "Wenske, Hardy"]
[Result "1-0"]
[WhiteElo "1883"]
[BlackElo "1761"]
[PlyCount "99"]
[EventDate "2023.??.??"]
[WhiteTeam "SGem 1882 Fuerth"]
[BlackTeam "Kieler Schachgesellschaft"]

1. d4 d5 2. c4 c6 3. Nf3 Nf6 4. Nc3 a6 5. b3 e6 6. Qc2 Nbd7 7. Bb2 Bb4 8. a3 Bxc3+ 9. Qxc3 Ne4 10. Qc2 O-O 11. e3 Re8 12. Bd3 f5 13. O-O Ng5 14. Ne5 Qf6 15. f3 Qe7 16. Rae1 Nf7 17. Nxf7 Qxf7 18. e4 Nf6 19. cxd5 exd5 20. exf5 Bd7 21. Re5 Rad8 22. Rfe1 Bc8 23. g4 Nd7 24. R5e3 Rxe3 25. Rxe3 Re8 26. Qe2 Rxe3 27. Qxe3 Kf8 28. a4 h6 29. Ba3+ Kg8 30. Kg2 Nf6 31. Bd6 Qe8 32. Qxe8+ Nxe8 33. Be5 Kf7 34. Kg3 Nf6 35. h4 Nd7 36. Kf4 c5 37. g5 cxd4 38. Bxd4 hxg5+ 39. hxg5 b6 40. b4 Bb7 41. g6+ Kg8 42. Kg5 a5 43. bxa5 Nc5 44. Bc2 Bc6 45. axb6 Nb7 46. f6 gxf6+ 47. Kxf6 Na5 48. Bf5 Nb3 49. Be6+ Kh8 50. g7+ 1-0